000 00249nam a22001097a 4500
020 _a9781465408693
100 _aElizabeth Dowsett
245 _aRevenge of the Sith
260 _aUSA
_bDorling Kindersley
_c2013
490 _aStar Wars
942 _cBK
999 _c262985
_d262984